| 000 | 01113nkm a2200253 i 4500 | ||
|---|---|---|---|
| 001 | 4460 | ||
| 003 | ES-MaACL | ||
| 005 | 20250713063043.0 | ||
| 007 | khrbo | ||
| 008 | 070712s1988 sp --- g |001||spa d | ||
| 100 | 0 |
_aAlfonso, _d1902-1990 _919858 |
|
| 245 | 1 | 0 |
_aConcierto del coro polifónico "Peñas Arriba" [ _hFotografía] / _cAlfonso (sello). |
| 260 |
_a[S.l. : _bs.n.], _c1988. |
||
| 300 |
_a2 fot. : _bb. y n. ; _c12 x 18 cm. |
||
| 500 | _aDatos basados en invitación. | ||
| 511 | 0 | _aInterviene: coro polifónico "Peñas Arriba" | |
| 518 | _aActo organizado por la Sección de Música del Ateneo de Madrid en colaboración con la Casa de Cantabria en Madrid, celebrado en el salón de actos el sábado, 29 de octubre de 1988, a las 20:00 h. | ||
| 610 | 2 | 4 |
_aAteneo de Madrid- _xActos culturales- _y1988- _vFotografías. _91903 |
| 710 | 2 |
_aAteneo de Madrid. _bSección de Música. _92004 |
|
| 710 | 2 |
_aCasa de Cantabria (Madrid) _92463 |
|
| 852 |
_aES-MaACL _jFOT 274/1988 |
||
| 856 | 4 |
_uhttp://www.ateneodemadrid.net/biblioteca_digital/imagenes/1988/0274-1988.jpg _zVer imagen |
|
| 999 |
_c4460 _d4460 |
||